El Recurso forestal en Costa Rica, políticas públicas y sociedad /
El libro presenta un estudio del subsector forestal costarricense a partir del análisis teórico que permitió enmarcarlo dentro del sector agrario y dentro de una sociedad con rasgos propios de países de capitalismo subdesarrollado. La investigación fue llevada a cabo durante durante 1981-83 e implic...
Salvato in:
| Autore principale: | |
|---|---|
| Altri autori: | |
| Natura: | testo |
| Pubblicazione: |
Heredia:
EUNA
|
| Soggetti: | |
| Tags: |
Aggiungi Tag
Nessun Tag, puoi essere il primo ad aggiungerne!!
|
MARC
| LEADER | 00000 a a2200000 04500 | ||
|---|---|---|---|
| 001 | 32696 | ||
| 003 | |||
| 040 | |||
| 090 | |a 204200 | ||
| 100 | |a Rodríguez Cervantes, Silvia | ||
| 245 | |a El Recurso forestal en Costa Rica, políticas públicas y sociedad / |c Silvia Rodríguez Cervantes | ||
| 260 | |a Heredia: |b EUNA | ||
| 300 | |a 252 p. |b il. | ||
| 520 | |a El libro presenta un estudio del subsector forestal costarricense a partir del análisis teórico que permitió enmarcarlo dentro del sector agrario y dentro de una sociedad con rasgos propios de países de capitalismo subdesarrollado. La investigación fue llevada a cabo durante durante 1981-83 e implica el progreso de la actividad forestal y las variaciones que han sufrido sus indicadores. Se realiza un acercamiento a la política forestal impulsada por el estado respecto a explotación de bosque natural, cultivo de árboles maderables y protección de los recursos forestales. Finalmente se analiza la viabilidad de la ejecución de dicha política por parte de los diversos sectores sociales existentes en el agro costarricense | ||
| 650 | |a POLITICA FORESTAL | ||
| 650 | |a RECURSOS FORESTALES | ||
| 650 | |a PARTICIPACION DEL ESTADO | ||
| 650 | |a PARTICIPACION SOCIAL | ||
| 650 | |a COSTA RICA | ||
| 700 | |a Vargas M., Emiliio | ||
| 999 | |c 6094 |d 6094 | ||
